000 00626cam a22002053a 4500
001 44665
003 PGUSA
005 20140828084023.0
008 140114s2014||||xxu|||||s|||||000 | eng d
040 _aPGUSA
_beng
042 _adc
100 1 _aJohn, Thomas M. St.
_q(Thomas Matthew)
245 1 0 _aThings a Boy Should Know About Electricity :
_bSecond Edition
_h[electronic resource] /
_cThomas M. St. John
260 _bProject Gutenberg,
_c2014
506 _aPublic domain in the USA.
516 _aElectronic text
830 0 _aProject Gutenberg
_v44665
856 4 0 _uhttp://www.gutenberg.org/ebooks/44665
942 _cEB
999 _c273916
_d273916